Enseigner l'éducation civique à l'école (Record no. 167)
[ view plain ]
| 000 -LEADER | |
|---|---|
| fixed length control field | 01254nam a2200301 4500 |
| 008 - FIXED-LENGTH DATA ELEMENTS--GENERAL INFORMATION | |
| fixed length control field | s2001 fr fre u |
| 020 ## - INTERNATIONAL STANDARD BOOK NUMBER | |
| International Standard Book Number | 2010206037 |
| 020 ## - INTERNATIONAL STANDARD BOOK NUMBER | |
| International Standard Book Number | 9782010206030 |
| 040 ## - CATALOGING SOURCE | |
| Original cataloging agency | LB-BrCRDP |
| 082 1# - DEWEY DECIMAL CLASSIFICATION NUMBER | |
| Classification number | 372.83 |
| Item number | ENS |
| 100 1# - MAIN ENTRY--PERSONAL NAME | |
| Personal name | Giolitto, Pierre |
| 245 10 - TITLE STATEMENT | |
| Title | Enseigner l'éducation civique à l'école |
| Statement of responsibility, etc. | Pierre Giolitto |
| 250 ## - EDITION STATEMENT | |
| Edition statement | 6e éd |
| 260 ## - PUBLICATION, DISTRIBUTION, ETC. | |
| Place of publication, distribution, etc. | Paris |
| Name of publisher, distributor, etc. | Hachette |
| Date of publication, distribution, etc. | 2001 |
| 300 ## - PHYSICAL DESCRIPTION | |
| Extent | 111 p. |
| Dimensions | 23 cm |
| 490 1# - SERIES STATEMENT | |
| Series statement | Pédagogies pour demain |
| 500 ## - GENERAL NOTE | |
| General note | Sommaire, bibliographie, index des fiches. |
| 520 ## - SUMMARY, ETC. | |
| Summary, etc. | Comment initier les enfants à la vie démocratique ? Comment leur enseigner leurs droits et leurs devoirs de citoyens français et européens ? Pierre Giolitto aide les instituteurs dans cette tâche en proposant une réflexion pratique ainsi que de nombreuses activités fondées sur la vie quotidienne de la classe.Il aborde ainsi concrètement les notions indispensables à toute vie en société. |
| 650 4# - SUBJECT ADDED ENTRY--TOPICAL TERM | |
| Topical term or geographic name entry element | Education civique |
| 650 4# - SUBJECT ADDED ENTRY--TOPICAL TERM | |
| Topical term or geographic name entry element | Citoyenneté |
| 650 4# - SUBJECT ADDED ENTRY--TOPICAL TERM | |
| Topical term or geographic name entry element | Démocratie |
| 650 4# - SUBJECT ADDED ENTRY--TOPICAL TERM | |
| Topical term or geographic name entry element | Vie sociale |
| 650 4# - SUBJECT ADDED ENTRY--TOPICAL TERM | |
| Topical term or geographic name entry element | Droits de l'enfant |
| 650 4# - SUBJECT ADDED ENTRY--TOPICAL TERM | |
| Topical term or geographic name entry element | Vie quotidienne |
| 830 #0 - SERIES ADDED ENTRY--UNIFORM TITLE | |
| Uniform title | Pédagogies pour demain |
| Name of part/section of a work | Didactiques |
| 942 ## - ADDED ENTRY ELEMENTS (KOHA) | |
| Koha item type | Books |
| Withdrawn status | Lost status | Source of classification or shelving scheme | Damaged status | Not for loan | Home library | Current library | Shelving location | Date acquired | Source of acquisition | Cost, normal purchase price | Total Checkouts | Full call number | Barcode | Date last seen | Copy number | Price effective from | Koha item type |
|---|---|---|---|---|---|---|---|---|---|---|---|---|---|---|---|---|---|
| Dewey Decimal Classification | مكتبة المطبعة - سن الفيل | مكتبة المطبعة - سن الفيل | Salle de Lecture | 07/27/2016 | 372.83 G496e | CRF000299 | 07/27/2016 | 1 | 07/27/2016 | Books | |||||||
| Dewey Decimal Classification | مكتبة دار المعلمين و المعلمات - النبطية | مكتبة دار المعلمين و المعلمات - النبطية | Salle de Lecture | 01/28/2006 | Ambassade de France | 0.00 | 372.832 GIO. | CRN605 | 07/28/2016 | 1 | 07/28/2016 | Books | |||||
| Dewey Decimal Classification | مكتبة دار المعلمين و المعلمات - بئر حسن | مكتبة دار المعلمين و المعلمات - بئر حسن | Salle de Lecture | 12/11/2006 | Ambassade de France | 0.00 | 372.83 Gio | CRB1478 | 07/27/2016 | 1 | 07/27/2016 | Books | |||||
| Dewey Decimal Classification | مكتبة دار المعلمين و المعلمات - جونية | مكتبة دار المعلمين و المعلمات - جونية | Salle de Lecture | 01/28/2006 | Ambassade de France | 0.00 | 372.832 GIO. | CRJ605 | 07/27/2016 | 1 | 07/27/2016 | Books | |||||
| Dewey Decimal Classification | مكتبة دار المعلمين و المعلمات - زحلة | مكتبة دار المعلمين و المعلمات - زحلة | Salle de Lecture | 09/29/2005 | Amb. de France | 13.75 | 372.83 ENS | CRZ169 | 07/26/2016 | 1 | 07/26/2016 | Books | |||||
| Dewey Decimal Classification | مكتبة دار المعلمين و المعلمات - صيدا | مكتبة دار المعلمين و المعلمات - صيدا | Salle de Lecture | 11/10/2006 | Ambassade de France | 0.00 | 372.83 GIO | CRS1534 | 07/28/2016 | 1 | 07/28/2016 | Books | |||||
| Dewey Decimal Classification | مكتبة دار المعلمين و المعلمات - طرابلس | مكتبة دار المعلمين و المعلمات - طرابلس | Salle de Lecture | 03/07/2006 | Ambassade de France | 0.00 | 372.83 ENS | CRT158 | 07/27/2016 | 1 | 07/27/2016 | Books |